KOHA-Header-6

The Complete Reference Java 3 (Record no. 7945)

000 -LEADER
fixed length control field 00255nam a2200109Ia 4500
100 ## - MAIN ENTRY--AUTHOR NAME
Personal name Herbert Schildt
245 #4 - TITLE STATEMENT
Title The Complete Reference Java 3
260 ## - PUBLICATION, DISTRIBUTION, ETC. (IMPRINT)
Place of publication usa
Name of publisher BPB
Year of publication 2009
300 ## - PHYSICAL DESCRIPTION
Number of Pages 192
942 ## - ADDED ENTRY ELEMENTS (KOHA)
Koha item type Books
Holdings
Withdrawn status Lost status Collection code Permanent Location Current Location Shelving location Date acquired Full call number Accession Number Koha item type
    Computer Languages MAJU MAJU Shelf No.A18 2019-09-13 005.12 2234 Computer Languages

Powered by Koha